00395pab a2200145 454500008004000000100001900040245006500059260000900124300001300133362000800146650003800154650002100192700001700213773001900230180718b2010 xxu||||| |||| 00| 0 eng d aKang, Tejpreet aThe daughter deficit-exploring declining sex ratio in Punjab c2010 ap.18-22. aFeb aSex distribution - India - Punjab aSex distribution aChawla, Asha aSocial Welfare